Reims en images - Statistiques

Statistiques générales
  • Ce quiz a été pris 6 fois
  • Le résultat moyen est 4 sur 8
Statistiques - réponses
Par images Réponse % Correct
Panda restaurant (miam)
100%
Auberge de jeunesse
67%
Buffalo Grill
33%
Centre de recyclage
33%
Gare de Reims
33%
Le trottoir aux abords de l'hôtel de ville
33%
Montagne de Reims
33%
Parking communal
33%
Aucun quiz correspondant
Distribution des résultats
% des personnes avec chaque résultat
Percentile par nombre de réponses
Votre historique - résultats
Vous n’avez pas pris ce quiz